Louis Tomlinson Songs Quiz (2021) - Statistics

General Stats
  • This quiz has been taken 4,658 times
  • The average score is 14 of 16
Answer Stats
Album Song % Correct
Walls
97%
Two Of Us
94%
Defenceless
90%
Miss You
90%
Always You
89%
Walls Kill My Mind
89%
Back To You
88%
Habit
88%
Fearless
87%
Only The Brave
87%
Don't Let It Break Your Heart
86%
Perfect Now
85%
Singles Just Hold On
83%
Too Young
83%
We Made It
82%
Just Like You
80%
No matching quizzes found
Score Distribution
Percent of People with Each Score
Percentile by Number Answered
Your Score History
You have not taken this quiz